Normal view
MARC view
- Stein, Benjamin
Entry Personal Name
001 - CONTROL NUMBER
- control field: 32539
003 - CONTROL NUMBER IDENTIFIER
- control field: NUST
005 - DATE AND TIME OF LATEST TRANSACTION
- control field: 20201019100321.0
008 - FIXED-LENGTH DATA ELEMENTS
- fixed length control field: 201019|| aca||aabn | a|a d
040 ## - CATALOGING SOURCE
- Original cataloging agency: NUST
- Transcribing agency: NUST
100 ## - HEADING--PERSONAL NAME
- Personal name: Stein, Benjamin
670 ## - SOURCE DATA FOUND
- Source citation: Work cat.: (NUST)298: Stein, Benjamin., Building technology :, c1997.
